Aktuálna situácia a očakávané zmeny na slovenskom trhu práce
Enregistré dans:
| Auteur principal: | |
|---|---|
| Autres auteurs: | |
| Format: | Chapitre de livre |
| Langue: | slovaque anglais |
| Sujets: | |
| Tags: |
Pas de tags, Soyez le premier à ajouter un tag!
|
MARC
| LEADER | 00000naa$a2200000$$$4500 | ||
|---|---|---|---|
| 001 | 0078749 | ||
| 005 | 20260121114651.4 | ||
| 041 | 0 | |a slo | |
| 041 | 0 | |a eng | |
| 044 | |a CZ | ||
| 245 | 1 | 0 | |a Aktuálna situácia a očakávané zmeny na slovenskom trhu práce |c Eva Rievajová, Mária Husáková |
| 500 | |a Abstrakt | ||
| 610 | 2 | 0 | |a trh práce |
| 610 | 2 | 0 | |a zamestnanosť |
| 610 | 2 | 0 | |a nezamestnanosť |
| 610 | 2 | 0 | |a obyvateľstvo |
| 610 | 2 | 0 | |a vek |
| 610 | 2 | 0 | |a vzdelanie |
| 610 | 2 | 0 | |a sily pracovné |
| 610 | 2 | 0 | |a zaťaženie daňové |
| 610 | 2 | 0 | |a odvody |
| 610 | 2 | 0 | |a Slovensko |
| 100 | 1 | |a Rievajová, Eva | |
| 700 | 1 | |a Husáková, Mária | |